000 01486nam a2200445 c 4500
001 24587
003 ES-MaCES
005 20141221122922.0
008 120803s2012 sp 010 | spa d
017 _aNA 804-2012
_bDL
020 _a9788447038831
035 _aCES20120005263m
040 _aES-MaCES
_bspa
_cES-MaCES
100 1 _aAlzaga Ruiz, Icíar
_96188
245 1 0 _aRetribución de directivos y crisis económica
_cIcíar Alzaga Ruiz ; prólogo, Ignacio García-Perrote Escartín
250 _a1ª ed
260 _aCizur Menor (Navarra)
_bThomson Civitas
_c2012
300 _a288 p.
_c20 cm
490 1 _aMonografías Cívitas
504 _aBibliografía: p. 249-288
541 _cCompra
650 4 _aalta dirección
_928192
650 4 _asalario
_928387
650 4 _aestructura de los salarios
_928393
650 4 _aprestaciones no salariales
_928381
650 4 _asistema de remuneración
_928390
650 4 _acrisis económica
_927102
650 4 _aevaluación del impacto
_930732
650 4 _aderecho del trabajo
_927165
650 4 _aderecho comunitario
_929866
650 4 _aderecho comparado
_929868
650 4 _aEspaña
_926964
650 4 _arégimen jurídico
_929894
653 1 0 _aDerecho del trabajo y Seguridad Social
700 1 _aGarcía-Perrote Escartín, Ignacio
_ecol.
_913032
830 0 _aMonografías Cívitas
_932153
902 _aLIB Libro
942 _2CES
_cBK
_h6.0.1.
999 _c24587
_d24587